Modern geometry: an integrated first course

Guardat en:
Dades bibliogràfiques
Autor principal: Alder, Claire Fisher (Autor)
Format: Llibre
Idioma:anglès
Publicat: Nueva York McGraw-Hill 1958
Matèries:
Etiquetes: Afegir etiqueta
Sense etiquetes, Sigues el primer a etiquetar aquest registre!

MARC

LEADER 00000nam a2200000 a 4500
001 UCQ9419
003 CL-VaPUC
008 990112e19580000US |||||||||||||||||eng|d
082 0 4 |a 516  |b ALD  |2 21 
100 0 |a Alder, Claire Fisher  |e author  |9 423952 
245 1 0 |a Modern geometry: an integrated first course 
300 |a 215 p 
942 |c BK 
945 |d 19990112 00:00:00  |a crobeson 
260 |a Nueva York  |b McGraw-Hill  |c 1958 
650 0 |a Geometría   |9 264063 
650 7 |a GEOMETRIA EUCLIDEA  |2 CL-VaPUC  |9 359752 
650 0 |a Geometría proyectiva   |9 262638 
650 7 |a GEOMETRIAS NO EUCLIDEAS  |2 CL-VaPUC  |9 423953 
583 |a last modification  |c 19990112 00:00:00  |k Rodrigo Vera 
999 |c 278430  |d 278428 
952 |0 0  |1 0  |4 0  |6 516_000000000000000_ALD_1958  |7 0  |8 A  |9 316961  |a BIBMAT  |b BIBMAT  |d 2019-11-20  |i 1314157  |o 516 ALD 1958  |p 1314157  |r 2025-01-07  |w 2019-11-20  |y BK  |k MAT 
952 |0 0  |1 0  |4 0  |6 516_000000000000000_ALD_1958  |7 0  |8 A  |9 316962  |a BIBMAT  |b BIBMAT  |d 2019-11-20  |i 1314165  |o 516 ALD 1958  |p 1314165  |r 2025-01-07  |w 2019-11-20  |y BK  |k MAT